000
00501nam a2200169Ia 4500
008
100204s9999 xx 000 0 und d
082
_b
28749
100
_a
आर्चर जेफ्री
245
_a
फॉल्स इम्प्रेशन
250
_a
0
260
_c
2009
300
_a
371
630
_a
फॉल्स इम्प्रेशन
700
_a
लवाटे सुधाकर
730
_a
फॉल्स इम्प्रेशन
942
_c
BOOK
999
_c
473920
_d
473917